Giáo trình kinh tế chất thải
Giáo trình được sử dụng ở các trường đại học. Nội dung bao gồm có 3 phần và 12 chương : Phần thứ nhất - Đại cương về kinh tế học và kinh tế môi trường ; Phần thứ hai - Kinh tế chất thải ; Phần thứ ba - Những vấn đề cơ bản về kinh...
Đã lưu trong:
| 主要作者: | |
|---|---|
| 格式: | 圖書 |
| 語言: | Undetermined |
| 出版: |
Hà Nội
Giáo dục
2006
|
| 主題: | |
| 標簽: |
添加標簽
沒有標簽, 成為第一個標記此記錄!
|
| Thư viện lưu trữ: | Trung tâm Học liệu Trường Đại học Cần Thơ |
|---|
| LEADER | 01067nam a2200217Ia 4500 | ||
|---|---|---|---|
| 001 | CTU_122272 | ||
| 008 | 210402s9999 xx 000 0 und d | ||
| 020 | |c 46000 | ||
| 082 | |a 628.42 | ||
| 082 | |b H561 | ||
| 100 | |a Nguyễn, Đình Hương | ||
| 245 | 0 | |a Giáo trình kinh tế chất thải | |
| 245 | 0 | |c Nguyễn Đình Hương chủ biên | |
| 260 | |a Hà Nội | ||
| 260 | |b Giáo dục | ||
| 260 | |c 2006 | ||
| 520 | |a Giáo trình được sử dụng ở các trường đại học. Nội dung bao gồm có 3 phần và 12 chương : Phần thứ nhất - Đại cương về kinh tế học và kinh tế môi trường ; Phần thứ hai - Kinh tế chất thải ; Phần thứ ba - Những vấn đề cơ bản về kinh tế chất thải và quản lý chất thải. | ||
| 650 | |a Hazardous wastes,Environmental engineering | ||
| 650 | |x Management,Economic aspects | ||
| 904 | |i M.Loan | ||
| 980 | |a Trung tâm Học liệu Trường Đại học Cần Thơ | ||